Veszprémi l'amoure Exkluzív interjú Rancsó Dezsővel és Varga Szilviával

Bibliographic Details
Main Authors: Rancsó, Dezider, 1966- (Author), Varga, Szilvia (Author), Bárány, János, 1966- (Author)
Format: Article
Language:Hungarian
PhysicalDescription:Fotogr. 5
Subjects:

MARC

LEADER 00000nab a2200000 a 4500
001 vtls000492626
003 SK-MaSNL
005 20260319074226.0
008 160202c1993 xo 0 hun
015 |a SNBRB19rr/mm-uuuuu 
035 |a CL0492764 
040 |a SNKBUCL  |b slo  |c SNKBUCL  |e AACR2 
041 0 |a hun 
044 |a xo  |c SK 
080 |a 792.071.2  |2 1981 
100 1 |a Rancsó, Dezider,  |d 1966-  |4 aut  |9 48217 
245 1 0 |a Veszprémi l'amoure  |b Exkluzív interjú Rancsó Dezsővel és Varga Szilviával  |c Dezső Rancsó, Szilvia Varga, János Bárány 
300 |b Fotogr. 5 
600 1 7 |a Rancsó, Dezider,  |d 1966-  |2 snkbucl  |9 48217 
600 1 7 |a Varga, Szilvia  |d 1966-  |x rozhovory  |2 snkbucl  |9 985069 
651 7 |a 5204  |2 snkbucl  |9 376683 
655 7 |a články z novín a časopisov  |2 snkbucl  |9 267496 
700 1 |a Varga, Szilvia  |4 aut  |9 512112 
700 1 |a Bárány, János,  |d 1966-  |4 aut  |9 361125 
773 0 |t Heti Ifi  |g Roč. 3, č. 27 (1993), s. 20-21 
850 |a Slovenská národná knižnica v Martine  |a DSG001 
852 |a SNK  |b KIS3GCP 
958 |a RK 
958 |a HU 
992 |a RBX 
999 |c 1581085  |d 1583015